Evaluación de una intervención educativa para incrementar la satisfacción marital de los padres de niños con leucemia linfoblástica, y su impacto en la adhesión al tratamiento y la calidad de vida familiar /

Furkejuvvon:
Bibliográfalaš dieđut
Váldodahkki: Barajas Amézquita, Wendy (autor)
Eará dahkkit: Solórzano Lambreton, Arcelia Daniela (autor) (autor)
Materiálatiipa: Oahppočájánas Girji
Giella:espánnjágiella
Fáttát:
Fáddágilkorat: Lasit fáddágilkoriid
Eai fáddágilkorat, Lasit vuosttaš fáddágilkora!

MARC

LEADER 00000nam^a2200000^a^4500
001 000183542
005 20250521000000.0
009 20260310102044.728
037 |a Acervo ITESO - Biblioteca 
041 |a ESP 
090 |a PSI. 615 
100 |a Barajas Amézquita, Wendy  |e (autor) 
245 1 0 |a Evaluación de una intervención educativa para incrementar la satisfacción marital de los padres de niños con leucemia linfoblástica, y su impacto en la adhesión al tratamiento y la calidad de vida familiar /  |c W. Barajas Amézquita, A.D. Solórzano Lambreton. 
264 |a Guadalajara, México :  |b edición de autor,  |c 2005 
300 |a 1 disco compacto de computadora 
336 |a datos para computadora  |b cod  |2 rdacontenido 
337 |a computadora  |b c  |2 rdamedio 
338 |a disco de computadora  |b cd  |2 rdasoporte 
502 |a ITESO Tesis de Licenciatura en Psicología 
649 |a XX 
650 |a Padres -  |x Condiciones Psicológicas 
650 |a Padres -  |x Condiciones Sociales y Culturales 
650 |a Leucemia 
650 |a Enfermedades -  |x Tratamiento 
650 |a Oncología 
650 |a Relaciones Familiares 
650 |a Satisfacción Sexual 
650 |a Relaciones de Pareja 
650 |a Calidad de Vida 
650 |a Sexualidad 
650 |a Intervención Social 
650 |a Psicología 
700 |a Solórzano Lambreton, Arcelia Daniela  |e (autor) 
910 |a Fondo General 
920 |a Electrónicos - Tesis del ITESO en Disco 
905 |a 202 
901 |a 0500124150  |b IT2  |c STS  |u 20250521 
902 |a https://opac.biblio.iteso.mx/vufind/Record/000183542